000 00655ntaaa2200205 4500
003 01
005 20251027202247.0
008 0714s1973 ag 01
040 _aAR-BaBN
_bspa
_cAR-BaBN
_eaacr
_dRIC
082 _a268.4320 L49
100 _aLebar, Lois E
_921004
245 _aChildren in the bible school
250 _a1 ed.
260 _aWestwood, N.J. :
_bFleming H Revell Company,
_cc1952
300 _a382 p
500 _aTeaching, administration, psychology, methods, worship of children in sunday school
650 _aescuela dominical-departamento de ninos
_921005
650 _aniƱos-departamento en la escuela dominical
_921006
942 _cBK
999 _c17393
_d17393